[Event "SR 2. liga A 2018/2019"]
[Site "?"]
[Date "2018.10.14"]
[Round "2.5"]
[White "Koloditsova, Renata"]
[Black "Biro, Karol"]
[Result "1-0"]
[WhiteElo "1911"]
[BlackElo "2064"]
[PlyCount "217"]
[EventDate "2018.??.??"]
[WhiteTeam "SK Senec"]
[BlackTeam "SK Krasnany"]

1. d4 Nf6 2. Bf4 c5 3. dxc5 Na6 4. Nf3 Nxc5 5. c3 g6 6. Nbd2 Bg7 7. Nb3 Na4 8.
Qc2 O-O 9. e3 d6 10. Bb5 Bf5 11. Qe2 Bd7 12. Bxd7 Qxd7 13. O-O Nh5 14. Bg5 Rac8
15. Nbd4 a6 16. e4 e5 17. Nb3 h6 18. Bc1 f5 19. exf5 Rxf5 20. Nh4 Nf4 21. Bxf4
Rxf4 22. Nxg6 Rf7 23. Rad1 Qe6 24. Nh4 Qe7 25. Qg4 Qd7 26. Qxd7 Rxd7 27. Rd2
Nb6 28. Nf5 Nc4 29. Re2 Bf8 30. Ne3 Nb6 31. Rd1 Rf7 32. h3 h5 33. Nd5 Nc4 34.
Rd3 Kh7 35. Ne3 Nb6 36. Nd2 Na4 37. Ne4 Rg7 38. Nf5 Rg6 39. b3 Nc5 40. Nxc5
Rxc5 41. c4 e4 42. Rd5 Rxd5 43. cxd5 Rg5 44. Ng3 Rxd5 45. Nxe4 Rd1+ 46. Kh2 Kg6
47. g4 Bh6 48. Ng3 Bf4 49. gxh5+ Kg5 50. Kg2 d5 51. Re6 Bxg3 52. Kxg3 Rg1+ 53.
Kf3 Kxh5 54. Re5+ Kh4 55. Rxd5 Ra1 56. Rd4+ Kg5 57. a4 Rc1 58. Rc4 Rd1 59. Ke2
Rd7 60. Rb4 Re7+ 61. Kf3 Rf7+ 62. Kg3 Kg6 63. f3 Kh5 64. Rf4 Rc7 65. h4 Rc3 66.
Rb4 Rc7 67. Rc4 Rg7+ 68. Kh3 Rd7 69. b4 Rd3 70. Kg3 Rb3 71. Rc5+ Kg6 72. Rg5+
Kf6 73. Rg4 Rb1 74. h5 Rh1 75. Rh4 Rg1+ 76. Kf2 Rg7 77. h6 Rh7 78. Ke3 Kg6 79.
Re4 Kf5 80. Rh4 Kg6 81. Kd4 Rd7+ 82. Kc5 Kh7 83. Kb6 Rf7 84. Rc4 Kxh6 85. f4
Kg6 86. Re4 Kf5 87. Re1 Rd7 88. Rc1 Rd4 89. Rb1 Rd7 90. b5 Kxf4 91. Rb2 Ke5 92.
Re2+ Kf6 93. Rc2 Rd4 94. Kxb7 axb5 95. axb5 Ke7 96. b6 Ra4 97. Rd2 Rb4 98. Kc7
Rc4+ 99. Kb7 Rc1 100. Kb8 Rc3 101. b7 Ra3 102. Rd5 Ke6 103. Rd4 Ke7 104. Kc7
Rc3+ 105. Kb6 Rb3+ 106. Kc6 Rb1 107. Rd5 Rc1+ 108. Kb6 Ke6 109. Rb5 1-0

[Event "SR 2. liga A 2018/2019"]
[Site "?"]
[Date "2018.10.14"]
[Round "2.6"]
[White "Danek, Pavol"]
[Black "Lesny, Stefan"]
[Result "1-0"]
[WhiteElo "2218"]
[BlackElo "2037"]
[PlyCount "59"]
[EventDate "2018.??.??"]
[WhiteTeam "SK Krasnany"]
[BlackTeam "SK Senec"]

1. d4 d5 2. Nf3 Nd7 3. c4 e6 4. Nc3 c6 5. cxd5 exd5 6. Qc2 Ngf6 7. Bg5 h6 8.
Bh4 Be7 9. e3 O-O 10. Bd3 Re8 11. O-O Nf8 12. a3 Be6 13. Rae1 Qc8 14. Ne5 N8d7
15. f4 Nf8 16. h3 N6d7 17. Bxe7 Rxe7 18. f5 Nxe5 19. dxe5 Bd7 20. e6 fxe6 21.
f6 Rf7 22. e4 d4 23. Ne2 e5 24. Ng3 g6 25. h4 Qc7 26. h5 g5 27. Nf5 Rxf6 28.
Ne7+ Kg7 29. Rxf6 Kxf6 30. Nd5+ 1-0

[Event "SR 2. liga A 2018/2019"]
[Site "?"]
[Date "2018.10.14"]
[Round "2.7"]
[White "Pusec, Pavel"]
[Black "Mandak, Miroslav"]
[Result "1/2-1/2"]
[WhiteElo "1935"]
[BlackElo "1997"]
[PlyCount "87"]
[EventDate "2018.??.??"]
[WhiteTeam "SK Senec"]
[BlackTeam "SK Krasnany"]

1. c4 e6 2. d4 Nf6 3. Nc3 Bb4 4. Bd2 d5 5. e3 O-O 6. Nf3 Nbd7 7. cxd5 exd5 8.
Bd3 Re8 9. O-O c6 10. Qc2 Bd6 11. h3 Qe7 12. Be1 Ne4 13. Nd2 Ndf6 14. Ndxe4
dxe4 15. Bc4 Be6 16. Bxe6 Qxe6 17. f4 Nd5 18. Nxd5 {(=)} Qxd5 19. Bc3 Rac8 20.
Qd2 Red8 21. Rfd1 g6 22. Kf1 {(=)} Ra8 23. Kf2 Bf8 24. Bb4 Qb5 25. Bxf8 Kxf8
26. Qe2 Qxe2+ 27. Kxe2 Rd5 28. Rac1 Ke7 29. Rc5 Rad8 30. Rdc1 h5 31. b4 a6 32.
a4 f6 33. Rxd5 Rxd5 34. Rc5 Kd6 35. Kd2 b6 36. Rxd5+ Kxd5 37. Kc3 h4 38. Kb3 b5
39. axb5 axb5 40. Kc3 Ke6 41. Kd2 g5 42. fxg5 fxg5 43. Kc3 Kd5 44. Kb3 1/2-1/2

[Event "SR 2. liga A 2018/2019"]
[Site "?"]
[Date "2018.10.14"]
[Round "2.8"]
[White "Zacik, Anton"]
[Black "Cibik, Jan"]
[Result "1/2-1/2"]
[WhiteElo "1930"]
[BlackElo "1850"]
[PlyCount "42"]
[EventDate "2018.??.??"]
[WhiteTeam "SK Krasnany"]
[BlackTeam "SK Senec"]

1. e4 e5 2. Nf3 Nc6 3. d4 exd4 4. Bc4 d6 5. Nxd4 Nf6 6. Nxc6 bxc6 7. Nc3 Be7 8.
O-O O-O 9. Bd3 Nd7 10. f4 Bf6 11. Be3 c5 12. Rb1 Rb8 13. Qd2 Nb6 14. Kh1 Be6
15. b3 Bd4 16. Be2 Bxe3 17. Qxe3 f6 18. Rbd1 Qe7 19. Bf3 a5 20. Rfe1 Rfd8 21.
Qf2 Qf8 1/2-1/2

[Event "SR 2. liga A 2018/2019"]
[Site "?"]
[Date "2018.11.17"]
[Round "3.1"]
[White "Federic, Jozef"]
[Black "Danada, Tomas"]
[Result "1-0"]
[WhiteElo "2213"]
[BlackElo "2253"]
[PlyCount "111"]
[EventDate "2018.??.??"]
[WhiteTeam "SK Modra B"]
[BlackTeam "SK Nafta Gbely"]

1. d4 Nf6 2. Nf3 e6 3. e3 Be7 4. Bd3 O-O 5. O-O b6 6. e4 d5 7. exd5 exd5 8. Ne5
Nfd7 9. Re1 Nxe5 10. dxe5 Na6 11. c3 Nc5 12. Bc2 a5 13. Nd2 d4 14. cxd4 Qxd4
15. Nf3 Qxd1 16. Rxd1 Bg4 17. Be3 Bxf3 18. gxf3 Rad8 19. f4 Na6 20. Be4 Bc5 21.
Kf1 g6 22. Ke2 Kg7 23. f5 Bxe3 24. f6+ Kh6 25. Kxe3 g5 26. f4 gxf4+ 27. Kxf4
Nc5 28. Bd5 c6 29. Bxc6 Nd3+ 30. Kf5 Rg8 31. Rg1 Rd4 32. Be4 Rxg1 33. Rxg1 Nf2
34. Re1 Nh3 35. Re3 Ng5 36. h4 Ne6 37. Rd3 Rb4 38. a3 Rxb2 39. Bd5 Rf2+ 40. Kg4
Nf4 41. Rf3 Rxf3 42. Bxf3 Ng6 43. Bd5 b5 44. e6 fxe6 45. Bxe6 b4 46. a4 Nf8 47.
Bf7 Ng6 48. Bb3 Nf8 49. Kf5 Kh5 50. f7 Kh6 51. Kf6 Ng6 52. h5 Nf8 53. Ke7 Kg7
54. h6+ Kh8 55. Kd6 Nd7 56. Kc7 1-0

[Event "SR 2. liga A 2018/2019"]
[Site "?"]
[Date "2018.11.17"]
[Round "3.2"]
[White "Sosovicka, Juraj"]
[Black "Dugovic, Branislav"]
[Result "1/2-1/2"]
[WhiteElo "2120"]
[BlackElo "2174"]
[PlyCount "76"]
[EventDate "2018.??.??"]
[WhiteTeam "SK Nafta Gbely"]
[BlackTeam "SK Modra B"]

1. d4 Nf6 2. Nf3 d5 3. c4 c6 4. e3 a6 5. Nc3 b5 6. b3 Bg4 7. Bd3 e6 8. O-O Be7
9. Bb2 Nbd7 10. h3 Bh5 11. a4 b4 12. Ne2 Bxf3 13. gxf3 Nh5 14. Ng3 Nxg3 15.
fxg3 Bd6 16. Qe1 Qb8 17. Kg2 O-O 18. e4 dxc4 19. bxc4 e5 20. f4 exd4 21. e5 Nc5
22. Bc2 b3 23. Bb1 Be7 24. Bxd4 Rd8 25. Bxc5 Bxc5 26. Be4 Bd4 27. Rb1 c5 28.
Rf3 b2 29. Bd5 Ra7 30. Rd3 a5 31. Qe4 Qb6 32. f5 Re7 33. e6 fxe6 34. Bxe6+ Rxe6
35. Qxe6+ Qxe6 36. fxe6 Re8 37. Rxd4 cxd4 38. Rxb2 Rxe6 1/2-1/2

[Event "SR 2. liga A 2018/2019"]
[Site "?"]
[Date "2018.11.17"]
[Round "3.3"]
[White "Mydlarik, Martin"]
[Black "Travnicek, Petr"]
[Result "0-1"]
[WhiteElo "2110"]
[BlackElo "2099"]
[PlyCount "76"]
[EventDate "2018.??.??"]
[WhiteTeam "SK Modra B"]
[BlackTeam "SK Nafta Gbely"]

1. c4 Nf6 2. Nc3 g6 3. e4 d6 4. d4 Bg7 5. f4 O-O 6. Nf3 c5 7. d5 e6 8. Be2 exd5
9. cxd5 Re8 10. e5 dxe5 11. fxe5 Ng4 12. Bg5 Qb6 13. O-O Nxe5 14. d6 Bf5 15.
Nd5 Qxb2 16. Ne7+ Rxe7 17. dxe7 Nbc6 18. Nxe5 Bxe5 19. Rc1 Re8 20. Kh1 Bf6 21.
Bxf6 Qxf6 22. Bd3 Nxe7 23. Qa4 Rd8 24. Bxf5 Nxf5 25. Qxa7 Qh4 26. Qa3 c4 27.
Rc3 Rd2 28. Qa8+ Kg7 29. Qxb7 Rxa2 30. Qd5 h5 31. Qe5+ Kh7 32. Qd5 Kg8 33. Rb1
Qf6 34. Qxc4 Rf2 35. Rcc1 Ne3 36. Qc8+ Kg7 37. Rg1 Ng4 38. Qc4 Qe5 0-1

[Event "SR 2. liga A 2018/2019"]
[Site "?"]
[Date "2018.11.17"]
[Round "3.4"]
[White "Ambros, Rafael"]
[Black "Bochnicka, Vladimir ml"]
[Result "0-1"]
[WhiteElo "1965"]
[BlackElo "2047"]
[PlyCount "120"]
[EventDate "2018.??.??"]
[WhiteTeam "SK Nafta Gbely"]
[BlackTeam "SK Modra B"]

1. e4 c5 2. c3 Nf6 3. e5 Nd5 4. d4 cxd4 5. cxd4 Nc6 6. Nf3 e6 7. Bc4 Nb6 8. Bb3
d5 9. O-O Be7 10. Nc3 O-O 11. a3 Bd7 12. Bc2 f5 13. exf6 Bxf6 14. Qd3 g6 15.
Re1 Rc8 16. g3 Nc4 17. b3 Nd6 18. Bf4 Nf5 19. Be5 Nxe5 20. dxe5 Bg7 21. Re2 a6
22. Rd1 Kh8 23. a4 Qc7 24. Na2 b5 25. Rde1 bxa4 26. bxa4 Qc4 27. Qxc4 Rxc4 28.
Bb3 Rc7 29. g4 Nh6 30. Nd4 Rf4 31. Nc2 Rxg4+ 32. Kf1 Bxa4 33. Bxa4 Rxa4 34.
Ncb4 Nf5 35. Nd3 h5 36. Rb1 Nd4 37. Reb2 a5 38. Nac1 Rac4 39. Na2 Kh7 40. Rb6
Rc2 41. R1b2 Rxb2 42. Rxb2 g5 43. Kg2 Kg6 44. f4 g4 45. Kg3 Rc2 46. Rxc2 Nxc2
47. h3 Kf5 48. hxg4+ hxg4 49. Nc3 Nd4 50. Kf2 Bh6 51. Ke3 Nc6 52. Ne2 d4+ 53.
Kf2 Ke4 54. Nc5+ Kd5 55. Nd7 Kc4 56. Nf6 a4 57. Ne4 a3 58. Nd2+ Kb4 59. Nc1
Bxf4 60. Nd3+ Kc3 0-1

[Event "SR 2. liga A 2018/2019"]
[Site "?"]
[Date "2018.11.17"]
[Round "3.5"]
[White "Sobek, Michal"]
[Black "Brunovsky, Peter"]
[Result "0-1"]
[WhiteElo "2010"]
[BlackElo "1849"]
[PlyCount "116"]
[EventDate "2018.??.??"]
[WhiteTeam "SK Modra B"]
[BlackTeam "SK Nafta Gbely"]

1. e4 d5 2. exd5 Qxd5 3. Nc3 Qa5 4. d4 Nf6 5. Nf3 Bf5 6. Bd2 c6 7. Bc4 e6 8.
Bb3 Nbd7 9. Qe2 Bb4 10. a3 Nd5 11. O-O Nxc3 12. Qe1 Ne2+ 13. Qxe2 Bxd2 14. Nxd2
O-O 15. Nc4 Qc7 16. f4 Bg6 17. Rae1 Rad8 18. g4 b5 19. Ne5 Nxe5 20. dxe5 h6 21.
f5 exf5 22. gxf5 Bh7 23. e6 fxe6 24. fxe6 Rxf1+ 25. Rxf1 Qe7 26. Qe5 Bg6 27.
Kh1 Kh7 28. c3 Rd2 29. c4 Qh4 30. Bd1 Qxc4 31. Re1 Qd3 32. Bg4 Rf2 33. Be2 Qh3
34. Rg1 Qh4 35. Bd3 Rf6 36. Bxg6+ Rxg6 37. Qf5 Qf6 38. Qe4 Qxe6 39. Qxe6 Rxe6
40. Rc1 Kg6 41. Kg2 Kf5 42. Kf3 g5 43. Rc5+ Kf6 44. Rc2 Ke7 45. Kg4 Rf6 46.
Re2+ Kd7 47. Rc2 Kc7 48. h3 Rf4+ 49. Kg3 Kb6 50. Re2 a5 51. Re6 Rh4 52. Rg6 Kc5
53. Rf6 Kd5 54. Rg6 c5 55. Ra6 a4 56. Rb6 Kc4 57. Rb7 b4 58. Ra7 Kb3 0-1

[Event "SR 2. liga A 2018/2019"]
[Site "?"]
[Date "2018.11.17"]
[Round "3.6"]
[White "Bilovsky, Milan"]
[Black "Bochnickova, Andrea"]
[Result "0-1"]
[WhiteElo "1936"]
[BlackElo "2103"]
[PlyCount "36"]
[EventDate "2018.??.??"]
[WhiteTeam "SK Nafta Gbely"]
[BlackTeam "SK Modra B"]

1. e4 c5 2. c3 d5 3. exd5 Qxd5 4. d4 e5 5. Be3 cxd4 6. cxd4 Nc6 7. Nc3 Bb4 8.
a3 Bxc3+ 9. bxc3 Nf6 10. Nf3 Qa5 11. dxe5 Ne4 12. Bd2 O-O 13. Bd3 Nxd2 14. Qxd2
Nxe5 15. Be4 Nxf3+ 16. gxf3 Bh3 17. c4 Qe5 18. Rd1 Bg2 0-1

[Event "SR 2. liga A 2018/2019"]
[Site "?"]
[Date "2018.11.17"]
[Round "3.7"]
[White "Sandor, Martin"]
[Black "Danada, Ondrej"]
[Result "1-0"]
[WhiteElo "2014"]
[BlackElo "1850"]
[PlyCount "47"]
[EventDate "2018.??.??"]
[WhiteTeam "SK Modra B"]
[BlackTeam "SK Nafta Gbely"]

1. e4 c6 2. d4 d5 3. Nc3 dxe4 4. Nxe4 Bf5 5. Ng3 Bg6 6. Nh3 e6 7. Nf4 Qh4 8.
Nh3 Be7 9. c3 Nd7 10. Be2 Nh6 11. O-O Nf5 12. Re1 O-O-O 13. Qa4 c5 14. Qxa7
cxd4 15. Nxf5 Bxf5 16. Bf4 e5 17. Bf3 Nc5 18. Rxe5 Bxh3 19. Rxc5+ Kd7 20. Qa4+
Ke6 21. Re1+ Kf6 22. Bg5+ Qxg5 23. Rxg5 Kxg5 24. gxh3 1-0

[Event "SR 2. liga A 2018/2019"]
[Site "?"]
[Date "2018.11.17"]
[Round "3.8"]
[White "Zajicek, Ferdinand"]
[Black "Horvath, Marek"]
[Result "1-0"]
[WhiteElo "1727"]
[BlackElo "1812"]
[PlyCount "120"]
[EventDate "2018.??.??"]
[WhiteTeam "SK Nafta Gbely"]
[BlackTeam "SK Modra B"]

1. e4 e5 2. Nf3 Nf6 3. Nc3 Bb4 4. d3 d5 5. exd5 Nxd5 6. Bd2 Nxc3 7. Bxc3 Bxc3+
8. bxc3 O-O 9. Be2 Nc6 10. O-O b6 11. Re1 Bb7 12. Qd2 Re8 13. Rad1 Qf6 14. Qg5
Qxg5 15. Nxg5 h6 16. Ne4 Rad8 17. Bf3 Na5 18. Nd2 Bxf3 19. Nxf3 Nc6 20. Nd2 Rd5
21. f3 Ra5 22. Ra1 Kf8 23. Nc4 Rc5 24. a4 Na5 25. Nxa5 Rxa5 26. c4 Ke7 27. Reb1
a6 28. Re1 f6 29. Kf2 Kd6 30. Ke3 f5 31. h3 Re6 32. c3 Kc5 33. Kd2 Kd6 34. d4
Re7 35. Kd3 g5 36. Ra2 c5 37. dxe5+ Rxe5 38. Rxe5 Kxe5 39. Rb2 Rxa4 40. Rxb6 h5
41. g4 hxg4 42. hxg4 fxg4 43. fxg4 Kf4 44. Rc6 Ra5 45. Rf6+ Kxg4 46. Ke4 Ra1
47. Kd5 a5 48. Kxc5 a4 49. Kb4 Kh5 50. c5 Rb1+ 51. Kxa4 Rb8 52. c6 g4 53. Ka5
g3 54. Rf1 Kg4 55. c7 Rc8 56. Kb6 g2 57. Rg1 Kf3 58. Kb7 Rg8 59. c8=Q Rg7+ 60.
Kb6 Kf2 1-0

[Event "SR 2. liga A 2018/2019"]
[Site "?"]
[Date "2018.11.17"]
[Round "3.1"]
[White "Gabris, Ondrej"]
[Black "Pechac, Jergus"]
[Result "0-1"]
[WhiteElo "2179"]
[BlackElo "2449"]
[PlyCount "90"]
[EventDate "2018.??.??"]
[WhiteTeam "KS Pezinok"]
[BlackTeam "SK Osuske B"]

1. Nf3 d5 2. g3 g6 3. Bg2 Bg7 4. c4 dxc4 5. Qa4+ Nc6 6. Qxc4 e5 7. d3 Nge7 8.
Nc3 O-O 9. O-O Be6 10. Qa4 Qc8 11. Re1 Bh3 12. Bh1 h6 13. Be3 Rd8 14. Rac1 Nd4
15. Nb5 Nxb5 16. Qxb5 c6 17. Qa4 Nf5 18. Bc5 Qe6 19. Nd2 Nd4 20. Bxd4 Rxd4 21.
Qb3 Qe7 22. a3 Kh7 23. Ne4 Rf8 24. Nc5 b6 25. Na4 c5 26. Nc3 Qd7 27. Qb5 Qc8
28. Bd5 Bd7 29. Qb3 f5 30. Red1 f4 31. e3 Rxd5 32. Nxd5 f3 33. e4 Be6 34. Kh1
h5 35. Rg1 Bh6 36. Rce1 Bh3 37. Qd1 b5 38. Qc2 a6 39. b3 b4 40. a4 a5 41. Rd1
Qg4 42. Qxc5 Bg2+ 43. Rxg2 fxg2+ 44. Kxg2 Qxd1 45. Qe7+ Bg7 0-1

[Event "SR 2. liga A 2018/2019"]
[Site "?"]
[Date "2018.11.17"]
[Round "3.2"]
[White "Jablonicky, Martin"]
[Black "Michal, Silvio"]
[Result "1-0"]
[WhiteElo "2330"]
[BlackElo "2100"]
[PlyCount "73"]
[EventDate "2018.??.??"]
[WhiteTeam "SK Osuske B"]
[BlackTeam "KS Pezinok"]

1. e4 c5 2. Nf3 Nc6 3. Bb5 g6 4. O-O Bg7 5. Re1 a6 6. Bxc6 dxc6 7. d3 Bg4 8.
Nbd2 e5 9. h3 Be6 10. Nc4 Qc7 11. Be3 b6 12. a3 a5 13. b4 Bxc4 14. dxc4 Rd8 15.
Qb1 Ne7 16. bxa5 bxa5 17. Bxc5 Rb8 18. Qd1 Rd8 19. Qe2 O-O 20. Rab1 Rb8 21.
Red1 Rxb1 22. Rxb1 a4 23. Qd2 Re8 24. Qb4 f5 25. Ng5 Bf6 26. Nf3 Qd7 27. Bd6
fxe4 28. Nd2 Qf5 29. Re1 e3 30. Rxe3 Qxc2 31. Ne4 Bh4 32. g3 Nf5 33. gxh4 Nxe3
34. Nf6+ Kf7 35. Nxe8 Qd1+ 36. Kh2 Qf1 37. Qb7+ 1-0

[Event "SR 2. liga A 2018/2019"]
[Site "?"]
[Date "2018.11.17"]
[Round "3.3"]
[White "Klemanic, Emil"]
[Black "Karas, Marek"]
[Result "1/2-1/2"]
[WhiteElo "2119"]
[BlackElo "2224"]
[PlyCount "44"]
[EventDate "2018.??.??"]
[WhiteTeam "KS Pezinok"]
[BlackTeam "SK Osuske B"]

1. e4 c6 2. d4 d5 3. f3 e6 4. e5 c5 5. c3 Nc6 6. f4 Qb6 7. Nf3 Bd7 8. Qb3 cxd4
9. Qxb6 axb6 10. cxd4 Nb4 11. Na3 Rxa3 12. bxa3 Nc2+ 13. Kd2 Nxa1 14. Bb2 Nh6
15. Bd3 Be7 16. Rxa1 O-O 17. Rc1 Bc6 18. Rc3 Ra8 19. Rb3 Bd8 20. Bc3 f6 21. Bb4
Bc7 22. Rb1 Nf7 1/2-1/2

[Event "SR 2. liga A 2018/2019"]
[Site "?"]
[Date "2018.11.17"]
[Round "3.4"]
[White "Spacek, Oliver"]
[Black "Ondercin, Martin"]
[Result "1-0"]
[WhiteElo "2190"]
[BlackElo "1977"]
[PlyCount "43"]
[EventDate "2018.??.??"]
[WhiteTeam "SK Osuske B"]
[BlackTeam "KS Pezinok"]

1. d4 Nf6 2. Nf3 d5 3. Bf4 Bf5 4. e3 c6 5. h3 h6 6. g4 Bh7 7. c4 e6 8. Qb3 Qb6
9. c5 Qxb3 10. axb3 Nbd7 11. b4 Be7 12. Nbd2 O-O 13. Be2 a6 14. Nb3 Be4 15. Na5
Ra7 16. O-O g5 17. Bh2 Rc8 18. Nd2 Ne8 19. Nxe4 dxe4 20. f3 exf3 21. Bxf3 Nc7
22. Bxc6 1-0

[Event "SR 2. liga A 2018/2019"]
[Site "?"]
[Date "2018.11.17"]
[Round "3.5"]
[White "Hulla, Stanislav"]
[Black "Cajka, Tibor"]
[Result "1/2-1/2"]
[WhiteElo "1939"]
[BlackElo "2116"]
[PlyCount "42"]
[EventDate "2018.??.??"]
[WhiteTeam "KS Pezinok"]
[BlackTeam "SK Osuske B"]

1. d4 c5 2. c3 cxd4 3. cxd4 Nf6 4. Nc3 g6 5. Bf4 Bg7 6. e3 O-O 7. Nf3 d6 8. Be2
a6 9. O-O b5 10. a3 Bb7 11. Qb3 Nc6 12. Rfd1 Na5 13. Qb4 Rc8 14. Rac1 h6 15. h3
Kh7 16. Bh2 Nc6 17. Qb3 Na5 18. Qb4 Nc4 19. a4 Bxf3 20. gxf3 Nd7 21. axb5 a5
1/2-1/2

[Event "SR 2. liga A 2018/2019"]
[Site "?"]
[Date "2018.11.17"]
[Round "3.6"]
[White "Gzib, David"]
[Black "Srna, Jan"]
[Result "1-0"]
[WhiteElo "2010"]
[BlackElo "1933"]
[PlyCount "120"]
[EventDate "2018.??.??"]
[WhiteTeam "SK Osuske B"]
[BlackTeam "KS Pezinok"]

1. e4 e6 2. d4 d5 3. Nc3 Bb4 4. e5 c5 5. a3 Ba5 6. b4 cxd4 7. Nb5 Bc7 8. Bg5
Ne7 9. Nf3 a6 10. Nbxd4 Nd7 11. Qe2 Nb6 12. Qe3 Bd7 13. Bd3 Nc4 14. Bxc4 dxc4
15. O-O Qb8 16. Bxe7 Kxe7 17. Qg5+ Kf8 18. Rad1 Qe8 19. Nd2 Bd8 20. Qf4 Rc8 21.
Ne4 Be7 22. Rfe1 h6 23. h4 Kg8 24. Re3 Kh7 25. Nf6+ Bxf6 26. exf6 g6 27. h5 Rg8
28. Nf3 g5 29. Qe4+ Kh8 30. Qxb7 Bc6 31. Qe7 Qxe7 32. fxe7 Rge8 33. Ne5 Rxe7
34. Nxc4 Bd5 35. Nb6 Rxc2 36. Nxd5 Rd7 37. Nc3 Rc7 38. Ne4 Kg7 39. Nc5 a5 40.
Rd7 Rxd7 41. Nxd7 axb4 42. axb4 Rb2 43. Re4 Rb1+ 44. Kh2 Rb2 45. Kg3 Rb3+ 46.
f3 Rb1 47. Nc5 Kf6 48. Nd3 Rb3 49. Ne5 Ke7 50. Rd4 f5 51. Nc6+ Kf6 52. Rd6 Rb2
53. Rd7 f4+ 54. Kh3 Rb1 55. Kh2 g4 56. fxg4 Kg5 57. Rg7+ Kh4 58. Ne5 Rb3 59.
Nf3+ Rxf3 60. gxf3 e5 1-0

[Event "SR 2. liga A 2018/2019"]
[Site "?"]
[Date "2018.11.17"]
[Round "3.7"]
[White "Badura, Peter"]
[Black "Ocko, Martin"]
[Result "1/2-1/2"]
[WhiteElo "1851"]
[BlackElo "1995"]
[PlyCount "86"]
[EventDate "2018.??.??"]
[WhiteTeam "KS Pezinok"]
[BlackTeam "SK Osuske B"]

1. e4 c5 2. Nf3 Nc6 3. c3 e5 4. d4 cxd4 5. cxd4 Bb4+ 6. Bd2 Qe7 7. d5 Nd4 8.
Nxd4 exd4 9. Bxb4 Qxb4+ 10. Qd2 Qxd2+ 11. Nxd2 d6 12. Nb3 f5 13. f3 fxe4 14.
fxe4 Nf6 15. Bd3 O-O 16. O-O Re8 17. Rae1 Bd7 18. Nxd4 Rac8 19. h3 a6 20. Nf3
Bb5 21. Bxb5 axb5 22. Nd4 Nxe4 23. Nxb5 Rc2 24. Nc3 Nf6 25. Rxe8+ Nxe8 26. Rf2
Rc1+ 27. Rf1 Rc2 28. Rf2 Rc1+ 29. Kh2 Nf6 30. Re2 Kf7 31. g4 h6 32. a4 b6 33.
Kg3 Rg1+ 34. Kf2 Rh1 35. Kg3 Rg1+ 36. Kf2 Rh1 37. Kg2 Rc1 38. Nb5 Ne8 39. Kf3
Rh1 40. Kg3 Rd1 41. Rf2+ Ke7 42. Nc3 Rd3+ 43. Rf3 Rd2 1/2-1/2

[Event "SR 2. liga A 2018/2019"]
[Site "?"]
[Date "2018.11.17"]
[Round "3.8"]
[White "Diviak, Rastislav"]
[Black "Moravcik, Denis"]
[Result "1-0"]
[WhiteElo "1968"]
[BlackElo "1730"]
[PlyCount "45"]
[EventDate "2018.??.??"]
[WhiteTeam "SK Osuske B"]
[BlackTeam "KS Pezinok"]

1. e4 e6 2. d4 d5 3. Nd2 Nf6 4. e5 Nfd7 5. Bd3 c5 6. c3 Nc6 7. Ne2 cxd4 8. cxd4
Be7 9. O-O O-O 10. f4 f6 11. exf6 Bxf6 12. Nf3 Qb6 13. Kh1 Kh8 14. Ne5 Nxd4 15.
Be3 Qxb2 16. Bxd4 Qa3 17. Qc2 Bxe5 18. fxe5 h6 19. Nf4 Re8 20. Rf3 Qb4 21. Qf2
Nf8 22. Nxd5 exd5 23. Bc5 1-0

[Event "SR 2. liga A 2018/2019"]
[Site "?"]
[Date "2018.11.17"]
[Round "3.1"]
[White "Gasa, Patrik"]
[Black "Sosovicka, Jakub"]
[Result "1/2-1/2"]
[WhiteElo "2177"]
[BlackElo "2058"]
[PlyCount "172"]
[EventDate "2018.??.??"]
[WhiteTeam "SK Kupele Piestany"]
[BlackTeam "SK Krasnany"]

1. d4 d5 2. f4 Nf6 3. Nf3 Bf5 4. e3 e6 5. Bd3 Bg6 6. O-O c5 7. Ne5 Nc6 8. c3
Be7 9. Bb5 Qb6 10. Qa4 Rc8 11. Nd2 O-O 12. Nxg6 hxg6 13. Nf3 c4 14. Bxc6 bxc6
15. b3 c5 16. Ba3 Ne4 17. Rfc1 Bd6 18. bxc4 cxd4 19. Bxd6 Rxc4 20. Qb3 Nxd6 21.
cxd4 Rfc8 22. Rxc4 dxc4 23. Qxb6 axb6 24. Rc1 Ra8 25. Rc2 Ra3 26. Kf2 Ne4+ 27.
Ke2 Rxa2 28. Rxa2 Nc3+ 29. Kd2 Nxa2 30. Ne5 b5 31. Nc6 b4 32. Kc2 Kf8 33. Kb2
Nc3 34. e4 Nxe4 35. Nxb4 Nf6 36. Kc3 Nd5+ 37. Kxc4 Nxf4 38. g3 Nh5 39. d5 exd5+
40. Kxd5 Nf6+ 41. Kd4 Ng4 42. h3 Nf2 43. h4 Nh1 44. g4 Nf2 45. g5 f6 46. Ke3
Ng4+ 47. Kf4 Ne5 48. Nd5 Kf7 49. Nc7 Nd3+ 50. Ke3 Nc5 51. Nb5 Ne6 52. Nd6+ Ke7
53. Ne4 f5 54. Nd2 Nc7 55. Kd4 Ke6 56. Ke3 Kd5 57. Kf4 Ne6+ 58. Ke3 f4+ 59. Kf3
Kd4 60. Ne4 Ke5 61. Nc3 Nd4+ 62. Kg4 f3 63. Nd1 Ke4 64. Kg3 Nf5+ 65. Kf2 Nxh4
66. Nc3+ Kf4 67. Nd5+ Kxg5 68. Kg3 Kh5 69. Nf4+ Kh6 70. Nh3 g5 71. Kg4 Kg6 72.
Nf2 Kf6 73. Nh3 Ke5 74. Kxg5 Nf5 75. Kg4 Nd4 76. Nf2 g6 77. Kg5 Ne2 78. Kxg6
Kf4 79. Kh5 Kg3 80. Ne4+ Kg2 81. Kg4 Nd4 82. Kf4 Ne6+ 83. Ke3 Ng5 84. Nf2 Nf7
85. Nd3 Ne5 86. Ne1+ Kg3 1/2-1/2

[Event "SR 2. liga A 2018/2019"]
[Site "?"]
[Date "2018.11.17"]
[Round "3.2"]
[White "Slacky, Stanislav"]
[Black "Abel, Peter"]
[Result "1/2-1/2"]
[WhiteElo "2147"]
[BlackElo "2222"]
[PlyCount "22"]
[EventDate "2018.??.??"]
[WhiteTeam "SK Krasnany"]
[BlackTeam "SK Kupele Piestany"]

1. b3 b6 2. Bb2 Bb7 3. Nf3 Nf6 4. g3 g6 5. Bg2 Bg7 6. O-O O-O 7. c4 c5 8. Nc3
d6 9. d3 Nc6 10. Qd2 Qd7 11. Rfe1 Rfe8 1/2-1/2

[Event "SR 2. liga A 2018/2019"]
[Site "?"]
[Date "2018.11.17"]
[Round "3.3"]
[White "Kundrik, Peter"]
[Black "Sukuba, Zdeno"]
[Result "1/2-1/2"]
[WhiteElo "2237"]
[BlackElo "2175"]
[PlyCount "25"]
[EventDate "2018.??.??"]
[WhiteTeam "SK Kupele Piestany"]
[BlackTeam "SK Krasnany"]

1. e4 c6 2. Nc3 d5 3. Qf3 dxe4 4. Nxe4 Nd7 5. Qg3 Ndf6 6. Nxf6+ Nxf6 7. Bc4 g6
8. Qb3 Nd5 9. Ne2 Bg7 10. O-O O-O 11. a4 Nb6 12. a5 Nxc4 13. Qxc4 1/2-1/2

[Event "SR 2. liga A 2018/2019"]
[Site "?"]
[Date "2018.11.17"]
[Round "3.4"]
[White "Bronis, Marian"]
[Black "Nemsak, Denis"]
[Result "1-0"]
[WhiteElo "2078"]
[BlackElo "2007"]
[PlyCount "78"]
[EventDate "2018.??.??"]
[WhiteTeam "SK Krasnany"]
[BlackTeam "SK Kupele Piestany"]

1. d4 f5 2. Bf4 Nf6 3. e3 g6 4. h4 h6 5. Nc3 c6 6. Nf3 d6 7. Bc4 Qa5 8. O-O Bg7
9. Rb1 Nbd7 10. a4 Ne4 11. Nxe4 fxe4 12. Nd2 Nf6 13. c3 Qh5 14. Qxh5 Nxh5 15.
Bh2 Bf5 16. Be2 Nf6 17. b4 Kd7 18. c4 Rab8 19. Rfc1 g5 20. Bg3 Kc7 21. b5 Rhc8
22. c5 Be6 23. Bc4 Bxc4 24. Nxc4 Bf8 25. Na5 Kd7 26. bxc6+ bxc6 27. Rxb8 Rxb8
28. Nxc6 Rb2 29. Na5 gxh4 30. Bxh4 Nd5 31. Nc4 Rb4 32. a5 Bg7 33. Nd2 Ra4 34.
Nxe4 Rxa5 35. Bg3 e5 36. Nxd6 Ke6 37. e4 Nb4 38. d5+ Nxd5 39. exd5+ Kxd5 1-0

[Event "SR 2. liga A 2018/2019"]
[Site "?"]
[Date "2018.11.17"]
[Round "3.5"]
[White "Matulik, Daniel"]
[Black "Janos, Ivan"]
[Result "1/2-1/2"]
[WhiteElo "2092"]
[BlackElo "2114"]
[PlyCount "33"]
[EventDate "2018.??.??"]
[WhiteTeam "SK Kupele Piestany"]
[BlackTeam "SK Krasnany"]

1. d4 Nf6 2. Nf3 e6 3. e3 b6 4. Bd3 Bb7 5. O-O Be7 6. Nbd2 d5 7. Ne5 O-O 8. Qe2
c5 9. b3 Nc6 10. Nxc6 Bxc6 11. Bb2 Ne8 12. dxc5 bxc5 13. Rfd1 Qb6 14. c4 Bf6
15. Bxf6 Nxf6 16. e4 dxe4 17. Nxe4 1/2-1/2

[Event "SR 2. liga A 2018/2019"]
[Site "?"]
[Date "2018.11.17"]
[Round "3.6"]
[White "Biro, Karol"]
[Black "Manak, Jozef"]
[Result "1/2-1/2"]
[WhiteElo "2075"]
[BlackElo "1966"]
[PlyCount "65"]
[EventDate "2018.??.??"]
[WhiteTeam "SK Krasnany"]
[BlackTeam "SK Kupele Piestany"]

1. c4 c6 2. e4 d5 3. cxd5 cxd5 4. exd5 Qxd5 5. Nc3 Qd8 6. Nf3 Nf6 7. Bc4 e6 8.
O-O Be7 9. d4 a6 10. Qe2 b5 11. Bb3 Bb7 12. Rd1 Nd5 13. Ne4 Nd7 14. Ne5 O-O 15.
Nxd7 Qxd7 16. Nc5 Qc6 17. Nxb7 Qxb7 18. Qe4 Rfd8 19. h4 Bf6 20. Be3 Rd7 21.
Rac1 Rad8 22. g3 g6 23. Qf3 Nxe3 24. Qxb7 Rxb7 25. fxe3 Rdd7 26. Rc2 Rbc7 27.
Rdc1 Bd8 28. Rc6 a5 29. a4 b4 30. Kf2 Kf8 31. Ke2 Rxc6 32. Rxc6 Rc7 33. Rxc7
1/2-1/2